King-Kong, das Geheimschwein ; King-Kong, das Reiseschwein (Record no. 4227)

MARC details
000 -LEADER
fixed length control field 01307njm a2200385 c 4500
001 - CONTROL NUMBER
control field BV023221929
003 - CONTROL NUMBER IDENTIFIER
control field DE-604
005 - DATE AND TIME OF LATEST TRANSACTION
control field 20240223110452.0
015 ## - NATIONAL BIBLIOGRAPHY NUMBER
National bibliography number 07,N04,2465
Source dnb
015 ## - NATIONAL BIBLIOGRAPHY NUMBER
National bibliography number 07,A16,2104
Source dnb
016 7# - NATIONAL BIBLIOGRAPHIC AGENCY CONTROL NUMBER
Record control number 982383320
Source DE-101
020 ## - INTERNATIONAL STANDARD BOOK NUMBER
International Standard Book Number 9783789103124
Terms of availability : EUR 9.95 (DE, freier Pr.), EUR 10.30 (AT, freier Pr.), sfr 19.10 (freier Pr.)
020 ## - INTERNATIONAL STANDARD BOOK NUMBER
International Standard Book Number 3789103128
Terms of availability : EUR 9.95 (DE, freier Pr.), EUR 10.30 (AT, freier Pr.), sfr 19.10 (freier Pr.)
024 3# - OTHER STANDARD IDENTIFIER
Standard number or code 9783789103124
028 52 - PUBLISHER OR DISTRIBUTOR NUMBER
Publisher or distributor number 0312
035 ## - SYSTEM CONTROL NUMBER
System control number (DE-599)DNB982383320
040 ## - CATALOGING SOURCE
Original cataloging agency DE-604
Language of cataloging ger
Description conventions rakddb
Transcribing agency gesm
041 0# - LANGUAGE CODE
Language code of text/sound track or separate title ger
044 ## - COUNTRY OF PUBLISHING/PRODUCING ENTITY CODE
MARC country code gw
ISO country code XA-DE-HH
049 ## - LOCAL HOLDINGS (OCLC)
Holding library DE-M336
084 ## - OTHER CLASSIFICATION NUMBER
Classification number GE 6919
Number source rvk
084 ## - OTHER CLASSIFICATION NUMBER
Classification number K
Number source sdnb
100 1# - MAIN ENTRY--PERSONAL NAME
Personal name Boie, Kirsten
240 00 - UNIFORM TITLE
Uniform title King-Kong, das Geheimschwein ; King-Kong, das Reiseschwein
245 00 - TITLE STATEMENT
Title King-Kong, das Geheimschwein ; King-Kong, das Reiseschwein
246 0# - VARYING FORM OF TITLE
Title proper/short title King-Kong, das Reiseschwein
246 0# - VARYING FORM OF TITLE
Title proper/short title Oetinger audio
300 ## - PHYSICAL DESCRIPTION
Extent 1 CD
Dimensions 12 cm
490 0# - SERIES STATEMENT
Series statement Oetinger audio
700 1# - ADDED ENTRY--PERSONAL NAME
Personal name Boie, Kirsten
Dates associated with a name 1950-
Relator term Sonstige
Relationship oth
700 1# - ADDED ENTRY--PERSONAL NAME
Personal name Mues, Jona
Dates associated with a name 1981-
Relator term Sonstige
Relationship oth
700 1# - ADDED ENTRY--PERSONAL NAME
Personal name Gustavus, Frank
Dates associated with a name 1970-
Relator term Sonstige
Relationship oth
856 42 - ELECTRONIC LOCATION AND ACCESS
Electronic format type text/html
Uniform Resource Identifier <a href="http://deposit.d-nb.de/cgi-bin/dokserv?id=2892830&prov=M&dok_var=1&dok_ext=htm">http://deposit.d-nb.de/cgi-bin/dokserv?id=2892830&prov=M&dok_var=1&dok_ext=htm</a>
Materials specified Inhaltstext
942 ## - ADDED ENTRY ELEMENTS (KOHA)
Koha item type
Holdings
Withdrawn status Lost status Damaged status Not for loan Collection Home library Current library Shelving location Date acquired Total checkouts Total renewals Full call number Barcode Date last seen Date last checked out Price effective from Koha item type
  Lost     German Comics Adolescent-Adult GESM Library EIS Library Main Library 08/05/2018 3 3 GCA/ AN/ BOI K53 G0004511 11/02/2020 11/02/2020 08/05/2018 Computer Files